• 首页
  • 本馆介绍
  • 公告通知
  • 最新文献
  • 馆藏检索
  • 电子资源
  • 读者导购
  • 参考咨询
  • 我的图书馆
  • 登录
  • 详细信息显示
  • 放入我的书架
  • 预约/预借图书
  • 作者相关作品
  • 分类相关作品
  • 丛书相关作品
  • 出版社相关作品

书目信息

  • 表格格式
  • 工作单格式
  • 卡片格式
题名:
锦州常见水生动植物图鉴
    
 
作者: ;葛立军 主编 ;锦州市海洋与渔业局 编著
分册:  
出版信息: 青岛   中国海洋大学出版社  2018
页数: 156页
开本: 27cm
丛书名:
单 册:
中图分类: Q958.884.2-64
科图分类:
主题词: 水生动物--shui sheng dong wu--锦州--图集 , 水生植物--shui sheng zhi wu--锦州--图集
电子资源:
ISBN: 978-7-5670-1680-4
000 01207nam0 2200289 450
001 012001001305
005 20140107184821.0
010    @a978-7-5670-1680-4@b精装@dCNY168.00
099    @aCAL 012019058496
100    @a20190426d2018 ekmy0chiy50 ea
101 0  @achi
102    @aCN@b370000
105    @aa z 000yy
106    @ar
200 1  @a锦州常见水生动植物图鉴@Ajin zhou chang jian shui sheng dong zhi wu tu jian@f锦州市海洋与渔业局编著
210    @a青岛@c中国海洋大学出版社@d2018
215    @a156页@c彩图@d27cm
314    @a主编取自版权页
330    @a本书是锦州市海洋与渔业局组织科技人员对全市区域内海、淡水中的常见水生动植物进行调查的成果。共列出调查海水鱼类70种、淡水鱼类33种、贝类28种、虾蟹类15种、藻类4种,共计150种水生生物。这本书为深入掌握锦州的水产生物资源状况、制定更为科学的水生生物保护开发规划提出宝贵的意见。
333    @a水生动物研究人员
606 0  @a水生动物@Ashui sheng dong wu@y锦州@j图集
606 0  @a水生植物@Ashui sheng zhi wu@y锦州@j图集
690    @aQ958.884.2-64@v5
702  0 @a葛立军@Age li jun@4主编
711 02 @a锦州市海洋与渔业局@Ajin zhou shi hai yang yu yu ye ju@4编著
801  0 @aCN@b北京卓展@c20191020
905    @b1201754-6@dQ958.884.2-64@e247@f3
    
    锦州常见水生动植物图鉴/锦州市海洋与渔业局编著.-青岛:中国海洋大学出版社,2018
    156页:彩图;27cm
    使用对象:水生动物研究人员
    
    ISBN 978-7-5670-1680-4(精装):CNY168.00
    本书是锦州市海洋与渔业局组织科技人员对全市区域内海、淡水中的常见水生动植物进行调查的成果。共列出调查海水鱼类70种、淡水鱼类33种、贝类28种、虾蟹类15种、藻类4种,共计150种水生生物。这本书为深入掌握锦州的水产生物资源状况、制定更为科学的水生生物保护开发规划提出宝贵的意见。
●
相关链接 在E读中查询图书 在五车中查询图书 在当当中查询图书 在豆瓣中查询图书


正题名:锦州常见水生动植物图鉴     索取号:Q958.884.2-64/247         预约/预借

序号 登录号 条形码 馆藏地/架位号 状态 备注
1 1201754   212017547   第二样本阅览室/ [索取号:Q958.884.2-64/247] 在馆    
2 1201755   212017556   第三借阅区/ [索取号:Q958.884.2-64/247] 在馆    
3 1201756   212017565   第三借阅区/ [索取号:Q958.884.2-64/247] 在馆    
唐山师范学院图书馆 欢迎您!
大连网信软件有限公司© 版权所有